000 00639nam a2200241Ia 4500
003 OSt
005 20221007101416.0
006 a|||||r|||| 00| 0
007 ta
008 221006b |||||||| |||| 00| 0 eng d
024 _a6,403
037 _cTextual
040 _aLCO
_cLCO
_beng
041 _2eng
_aeng
082 _aZ1,d, K6
100 _aLuard Evan Ed.
245 0 _aEvolution of International Organizations
260 _aLondon
_bThames and Hudson U.K.
_c1966
300 _a342
650 _aINTERNATIONAL ORGANIZATIONS
_9457732
942 _hZ1,d, K6
_cTEXL
999 _c1175966
_d1175966